| 000 | 01475cam a22002891i 4500 | ||
|---|---|---|---|
| 003 | SA-RiAUC | ||
| 005 | 20260220122438.0 | ||
| 008 | 260218s2003 ir g b i10000 ara c | ||
| 020 | _a9647994230 | ||
| 040 |
_aSA-JeALM _bara _cSA-RiAUC. _erda |
||
| 050 | 4 | _bM88 2003 | |
| 082 | 0 | 4 |
_a214.32717 _qSA-RiAUC |
| 090 |
_a214.32717 _bم ؤ ت |
||
| 111 | 2 |
_aالمؤتمر الدولي للوحدة الإسلامية _cطهران) _d2003 : _n(16 : |
|
| 245 | 1 | 0 |
_aعالمية الإسلام والعولمة : _bمجموعة مقالات المؤتمر الدولي السادس عشر للوحدة الإسلامية / _cالمجمع العالمي للتقريب بين المذاهب الإسلامية ؛ تقديم طه مرقاتي. |
| 250 | _aالطبعة الأولى. | ||
| 264 | 1 |
_aطهران : _bالمجمع العالمي للتقريب بين المذاهب الإسلامية، إدارة النشر والمطبوعات، _c2003 |
|
| 300 |
_a152 صفحة ؛ _c24 سم |
||
| 336 |
_aنص _btxt _2rdacontent _3كتاب |
||
| 337 |
_aبدون وسيط _bn _2rdamedia |
||
| 504 | _aيشتمل على إرجاعات ببليوجرافية. | ||
| 650 | 7 |
_aالإسلام والعولمة _vمؤتمرات _2aucsh |
|
| 700 | 1 |
_aمرقاتي، طه _eمقدم. |
|
| 710 | 2 |
_aالمجمع العالمي للتقريب بين المذاهب الإسلامية (طهران) _eمنظم. |
|
| 942 |
_2ddc _cBOOK _n0 |
||
| 949 |
_aSA-JeALM _d260218 _uosman123 _n1 |
||
| 999 |
_c14397 _d14397 |
||